| 000 | 00466nam a22001577a 4500 | ||
|---|---|---|---|
| 003 | OSt | ||
| 005 | 20170105102938.0 | ||
| 020 | _a9780195642681 | ||
| 040 | _a0 | ||
| 082 |
_a305.800954 _bCON 1997 |
||
| 245 | 0 | 4 |
_aThe concept of race in South Asia _cPeter Robb |
| 260 |
_aDelhi ; Oxford _b Oxford University Press _c1997 |
||
| 300 |
_a ix, 354 p; _c22 cm. |
||
| 650 | _aEthnology -- South Asia. Ethnic groups -- South Asia. Minorities -- South Asia. | ||
| 942 |
_2ddc _cBK |
||
| 999 |
_c16356 _d16356 |
||